Inteligencia emocional percibida (IEP) en el alumnado universitario de educación: análisis comparativo por género y grado (Record no. 199327)
[ view plain ]
| 000 -CABECERA | |
|---|---|
| campo de control de longitud fija | 01614nab a2200277 a 4500 |
| 005 - FECHA Y HORA DE LA ÚLTIMA TRANSACCIÓN | |
| campo de control | 20240530063750.0 |
| 008 - ELEMENTOS DE LONGITUD FIJA--INFORMACIÓN GENERAL | |
| campo de control de longitud fija | 991125c2017 sp fr p o 000 0 spa d |
| 035 ## - NÚMERO DE CONTROL DEL SISTEMA | |
| Número de control de sistema | UPN01000227231 |
| 040 ## - FUENTE DE LA CATALOGACIÓN | |
| Centro catalogador/agencia de origen | UPN |
| Lengua de catalogación | spa |
| Centro/agencia transcriptor | UPN |
| Normas de descripción | aacr2 |
| 049 ## - COLECCIÓN | |
| Colección | ART-E |
| 100 1# - ASIENTO PRINCIPAL--NOMBRE PERSONAL | |
| Nombre de persona | Pérez Bonet, Gregorio |
| Enlace | - goyo@cesdonbosco.com |
| 100 1# - ASIENTO PRINCIPAL--NOMBRE PERSONAL | |
| Nombre de persona | Velado Guillén, Luis Angel |
| 245 10 - MENCIÓN DE TÍTULO | |
| Título | Inteligencia emocional percibida (IEP) en el alumnado universitario de educación: análisis comparativo por género y grado |
| Medio | [recurso electrónico en línea] |
| 506 0# - NOTA DE RESTRICCIONES AL ACCESO | |
| Limitaciones de acceso | Acceso abierto |
| 520 3# - NOTA DE RESUMEN, ETC. | |
| Sumario, etc. | El presente artículo está enmarcado en el ámbito de la educación emocional de los futuros docentes. Se estudia la inteligencia emocional percibida a partir del instrumento TMMS-24. En el análisis se intentan establecer posibles diferencias en función de la variable género (hombres vs. mujeres) y en función del grado escogido (Educación Infantil, Educación Primaria y Educación Social). Los resultados obtenidos no informan sobre diferencias respecto a género (p<.05) en consonancia con otros estudios, y sí se encuentran respecto al grado escogido. |
| 650 #7 - ASIENTO SECUNDARIO DE MATERIA - TERMINO TEMATICO | |
| 9 (RLIN) | 1394 |
| Término de materia o nombre geográfico como elemento de entrada | Inteligencia emocional |
| 650 #4 - ASIENTO SECUNDARIO DE MATERIA - TERMINO TEMATICO | |
| 9 (RLIN) | 11882 |
| Término de materia o nombre geográfico como elemento de entrada | Educación emocional |
| 650 #4 - ASIENTO SECUNDARIO DE MATERIA - TERMINO TEMATICO | |
| Término de materia o nombre geográfico como elemento de entrada | Educación superior |
| 9 (RLIN) | 32 |
| 653 0# - TERMINO DE INDIZACION - NO CONTROLADO | |
| Término no controlado | Inteligencia emocional percibida |
| 653 0# - TERMINO DE INDIZACION - NO CONTROLADO | |
| Término no controlado | Formación inicial docente |
| 773 ## - ENLACE AL DOCUMENTO FUENTE/ENTRADA DE REGISTRO ANFITRIÓN | |
| Parte(s) relacionada(s) | No. 20 (2017), p. 23-34 |
| Título | EA, escuela abierta : revista de investigación educativa |
| Número Internacional Normalizado para Publicaciones Seriadas | 2603-5928 |
| 856 4# - LOCALIZACIÓN Y ACCESO ELECTRÓNICOS | |
| Identificador Uniforme del Recurso | <a href="https://dialnet.unirioja.es/ejemplar/482973">https://dialnet.unirioja.es/ejemplar/482973</a> |
| 856 4# - LOCALIZACIÓN Y ACCESO ELECTRÓNICOS | |
| Identificador Uniforme del Recurso | <a href="https://doi.org/10.29257/EA20.2017.03">https://doi.org/10.29257/EA20.2017.03</a> |
| 905 ## - TIPO DE MATERIAL | |
| Tipo de material | Articulo |
| 942 ## - ELEMENTOS DE PUNTO DE ACCESO ADICIONAL (KOHA) | |
| Tipo de ítem Koha | Artículo Electrónico |
| Estado de retiro | Estado de pérdida | Estado dañado | No para préstamo | Código de colección | Localización permanente | Ubicación/localización actual | Ubicación en estantería | Fecha de adquisición | Total de préstamos | Fecha visto por última vez | Identificador Uniforme del Recurso | Precio válido a partir de | Tipo de ítem Koha |
|---|---|---|---|---|---|---|---|---|---|---|---|---|---|
| Acceso abierto | Bib. Gregorio Torres Quintero | Bib. Gregorio Torres Quintero | En línea | 16/10/2023 | 16/10/2023 | https://ea.ceuandalucia.es/index.php/EA/article/view/18 | 16/10/2023 | Artículo Electrónico |
